Entwicklung des fürstlich Stolbergischen grundbesitzes seit dem XIII. (Record no. 23615)

MARC details
000 -LEADER
fixed length control field 00650cam a22002051 4500
001 - CONTROL NUMBER
control field g 01000987
003 - CONTROL NUMBER IDENTIFIER
control field DLC
005 - DATE AND TIME OF LATEST TRANSACTION
control field 20260227111253.0
008 - FIXED-LENGTH DATA ELEMENTS--GENERAL INFORMATION
fixed length control field 820607s1899 gw b 000 0 ger
010 ## - LIBRARY OF CONGRESS CONTROL NUMBER
LC control number g 01000987
035 ## - SYSTEM CONTROL NUMBER
System control number (OCoLC)29094935
040 ## - CATALOGING SOURCE
Original cataloging agency DLC
Transcribing agency MnU
Modifying agency DLC
042 ## - AUTHENTICATION CODE
Authentication code premarc
050 00 - LIBRARY OF CONGRESS CALL NUMBER
Classification number CS629
Item number .S8 1899
100 1# - MAIN ENTRY--PERSONAL NAME
Personal name Radziwiłł, Karol Ferdynand Bogusław Maria Józef Franciszek,
Titles and words associated with a name ksiż̨ę.
245 00 - TITLE STATEMENT
Title Entwicklung des fürstlich Stolbergischen grundbesitzes seit dem XIII.
260 ## - PUBLICATION, DISTRIBUTION, ETC.
Place of publication, distribution, etc. Jena,
Name of publisher, distributor, etc. G. Fischer,
Date of publication, distribution, etc. 1899.
300 ## - PHYSICAL DESCRIPTION
Extent viii, 172 p.
Other physical details maps (part col., part fold.)
Dimensions 24 cm.
600 30 - SUBJECT ADDED ENTRY--PERSONAL NAME
Personal name Stolberg,
Titles and other words associated with a name House of.

No items available.

Powered by Koha